Vývoj postavení ČSSR ve světové ekonomice do konce devadesátých let. /

Gespeichert in:
Bibliographische Detailangaben
1. Verfasser: Zeman, Karel (Verfasst von)
Format: Buch
Veröffentlicht: Praha : ÚVTEI, 1988
Tags: Tag hinzufügen
Keine Tags, Fügen Sie das erste Tag hinzu!

MARC

LEADER 00000nam a22000003a 4500
001 stu14992
005 20150617225800.3
008 ------s1988----cs----------------------d
040 |a STU  |b slo 
041 0
044 |a cs 
080 |a 338.27 
100 1 |a Zeman, Karel  |4 aut 
245 1 |a Vývoj postavení ČSSR ve světové ekonomice do konce devadesátých let. /  |c [aut.]Zeman,Karel 
260 |a Praha :  |b ÚVTEI,  |c 1988 
300 |a 115 s :  |b Tab.,lit 
996 |b CB957  |c C*B957  |l CCXIV  |s P  |a 0  |w stu14992_0001 
996 |b CB958  |c C*B958  |l CCXIV  |s P  |a 0  |w stu14992_0002